Normal view MARC view
  • Enseñanza basada en el uso de la web

Entry Materia

Number of records used in: 1

001 - NÚMERO DE CONTROL DEL REGISTRO

  • campo de control: 48577

003 - IDENTIFICADOR DE NUMERO DE CONTROL

  • campo de control: UPN

005 - FECHA Y HORA DE LA ÚLTIMA TRANSACCIÓN

  • campo de control: 20230327100419.0

008 - DATOS DE LONGITUD FIJA

  • campo de control de longitud fija: 230327nn anznnbabn a a|a d

040 ## - FUENTE DE LA CATALOGACIÓN

  • Centro catalogador de origen: MX-MxUPN
  • Lengua de catalogación: spa

046 ## - FECHAS CON CODIFICACIÓN ESPECIAL

  • Fecha final para contenidos agregados: 2023

053 ## - NÚMERO CLASIFICADOR - BIBLIOTECA DEL CONGRESO (LC)

  • Elemento numérico de la clasificación - Número único o no. inicial del rango: LB1028.57

150 ## - ENCABEZAMIENTO - TEMÁTICO

  • Término de materia o nombre geográfico como elemento inicial: Enseñanza basada en el uso de la web

400 1# - VEÁSE - NOMBRE PERSONAL

  • Nombre personal: Instrucción basada en la Web

550 ## - VÉASE ADEMÁS - MATERIA

  • Encabezamiento temático o nombre geográfico como elemento de entrada: Enseñanza asistida por computadora
  • Subcampo de control: g

670 ## - FUENTE EN LA QUE SE LOCALIZARON DATOS

  • Cita de la fuente: Autoridades LIBRUNAM, 27 marzo 2023 :
  • Información localizada: (Enseñanza basada en el uso de la web)

902 ## - CATALOGADOR

  • Catalogador: VíctorGodínez/270323